<?xml version="1.0" encoding="UTF-8"?><?xml-stylesheet type="text/xsl" href="static/style.xsl"?><OAI-PMH xmlns="http://www.openarchives.org/OAI/2.0/" xmlns:xsi="http://www.w3.org/2001/XMLSchema-instance" xsi:schemaLocation="http://www.openarchives.org/OAI/2.0/ http://www.openarchives.org/OAI/2.0/OAI-PMH.xsd"><responseDate>2026-04-17T14:22:46Z</responseDate><request verb="GetRecord" identifier="oai:www.recercat.cat:2117/408240" metadataPrefix="marc">https://recercat.cat/oai/request</request><GetRecord><record><header><identifier>oai:recercat.cat:2117/408240</identifier><datestamp>2025-07-22T20:09:14Z</datestamp><setSpec>com_2072_1033</setSpec><setSpec>col_2072_452951</setSpec></header><metadata><record xmlns="http://www.loc.gov/MARC21/slim" xmlns:dcterms="http://purl.org/dc/terms/" xmlns:xsi="http://www.w3.org/2001/XMLSchema-instance" xmlns:doc="http://www.lyncode.com/xoai" xsi:schemaLocation="http://www.loc.gov/MARC21/slim http://www.loc.gov/standards/marcxml/schema/MARC21slim.xsd">
   <leader>00925njm 22002777a 4500</leader>
   <datafield ind2=" " ind1=" " tag="042">
      <subfield code="a">dc</subfield>
   </datafield>
   <datafield ind2=" " ind1=" " tag="720">
      <subfield code="a">Muñoz Rodríguez, Alba</subfield>
      <subfield code="e">author</subfield>
   </datafield>
   <datafield ind2=" " ind1=" " tag="260">
      <subfield code="c">2024-05-13</subfield>
   </datafield>
   <datafield ind2=" " ind1=" " tag="520">
      <subfield code="a">En la dècada dels 70, diversos arquitectes van començar a desvincular-se del moviment modern i van reprendre la teoria fenomenològica amb el propòsit d'enriquir les experiències humanes en l'entorn construït. No obstant això, persisteix una bretxa de coneixement en l'estudi de l'arquitectura centrada en la creació d'atmosferes mitjançant l'expressió gràfica.&#xd;
El present estudi examina la teoria arquitectònica de figures influents de finals del segle XX, com Steven Holl, Peter Zumthor i Juhani Pallasmaa, en el context occidental. El propòsit és avaluar com la naturalesa de la representació gràfica influeix en la comprensió de l'arquitectura recent, secundant-se en conceptes fenomenològics.&#xd;
En aquest treball es presenta una anàlisi detallada mitjançant una col·lecció d'obra gràfica d'elaboració pròpia de tres estudis, un arquitecte consagrat, Sverre Fehn, i dos contemporanis: Studio Anne Holtrop i NUA Arquitectures, permetent reflexionar sobre la influència d'aquesta filosofia en la pràctica recent.</subfield>
   </datafield>
   <datafield ind2=" " ind1=" " tag="520">
      <subfield code="a">En la década de los 70, varios arquitectos comenzaron a desvincularse del movimiento moderno y retomaron la teoría fenomenológica con el propósito de enriquecer las experiencias humanas en el entorno construido. No obstante, persiste una brecha de conocimiento en el estudio de la arquitectura centrada en la creación de atmósferas mediante la expresión gráfica.&#xd;
El presente estudio examina la teoría arquitectónica de figuras influyentes de finales del siglo XX, como Steven Holl, Peter Zumthor y Juhani Pallasmaa, en el contexto occidental. El propósito es evaluar cómo la naturaleza de la representación gráfica influye en la comprensión de la arquitectura reciente, apoyándose en conceptos fenomenológicos.&#xd;
En este trabajo se presenta un análisis detallado mediante una colección de obra gráfica de elaboración propia de tres estudios, un arquitecto consagrado, Sverre Fehn, y dos contemporáneos: Studio Anne Holtrop y NUA Arquitectures, permitiendo reflexionar sobre la influencia de esta filosofía en la práctica reciente.</subfield>
   </datafield>
   <datafield ind2=" " ind1=" " tag="520">
      <subfield code="a">In the 1970s, several architects began to disassociate themselves from the modern movement and took up phenomenological theory with the purpose of enriching human experiences in the built environment. Nevertheless, a knowledge gap persists in the study of architecture focused on the creation of atmospheres through graphic expression.&#xd;
The present study examines the architectural theory of influential late twentieth century figures such as Steven Holl, Peter Zumthor, and Juhani Pallasmaa in a Western context. The purpose is to assess how the nature of graphic representation influences the understanding of recent architecture, drawing on phenomenological concepts.&#xd;
This paper presents a detailed analysis through a collection of self-made graphic work of three studios, one established architect, Sverre Fehn, and two contemporary ones: Studio Anne Holtrop and NUA Arquitectures, allowing us to reflect on the influence of this philosophy on recent practice.</subfield>
   </datafield>
   <datafield ind2=" " ind1=" " tag="520">
      <subfield code="a">Award-winning</subfield>
   </datafield>
   <datafield tag="653" ind2=" " ind1=" ">
      <subfield code="a">Àrees temàtiques de la UPC::Arquitectura::Sistemes de representació arquitectònica</subfield>
   </datafield>
   <datafield tag="653" ind2=" " ind1=" ">
      <subfield code="a">Àrees temàtiques de la UPC::Arquitectura::Composició arquitectònica</subfield>
   </datafield>
   <datafield tag="653" ind2=" " ind1=" ">
      <subfield code="a">Architecture -- Philosophy</subfield>
   </datafield>
   <datafield tag="653" ind2=" " ind1=" ">
      <subfield code="a">Architectural rendering</subfield>
   </datafield>
   <datafield tag="653" ind2=" " ind1=" ">
      <subfield code="a">Fehn, Sverre, 1924-2009 -- Criticism and interpretation</subfield>
   </datafield>
   <datafield tag="653" ind2=" " ind1=" ">
      <subfield code="a">Holtrop, Anne, 1977- -- Criticism and interpretation</subfield>
   </datafield>
   <datafield tag="653" ind2=" " ind1=" ">
      <subfield code="a">NUA arquitectures (Firm) -- Criticism and interpretation</subfield>
   </datafield>
   <datafield tag="653" ind2=" " ind1=" ">
      <subfield code="a">Arquitectura fenomenológica</subfield>
   </datafield>
   <datafield tag="653" ind2=" " ind1=" ">
      <subfield code="a">Sverre Fehn</subfield>
   </datafield>
   <datafield tag="653" ind2=" " ind1=" ">
      <subfield code="a">Anne Holtrop</subfield>
   </datafield>
   <datafield tag="653" ind2=" " ind1=" ">
      <subfield code="a">NUA arquitectures</subfield>
   </datafield>
   <datafield tag="653" ind2=" " ind1=" ">
      <subfield code="a">Representación gráfica</subfield>
   </datafield>
   <datafield tag="653" ind2=" " ind1=" ">
      <subfield code="a">Arquitectura -- Filosofia</subfield>
   </datafield>
   <datafield tag="653" ind2=" " ind1=" ">
      <subfield code="a">Representació arquitectònica</subfield>
   </datafield>
   <datafield tag="653" ind2=" " ind1=" ">
      <subfield code="a">Fehn, Sverre, 1924-2009 -- Crítica i interpretació</subfield>
   </datafield>
   <datafield tag="653" ind2=" " ind1=" ">
      <subfield code="a">Studio Anne Holtrop -- Crítica i interpretació</subfield>
   </datafield>
   <datafield tag="653" ind2=" " ind1=" ">
      <subfield code="a">NUA arquitectures -- Crítica i interpretació</subfield>
   </datafield>
   <datafield ind2="0" ind1="0" tag="245">
      <subfield code="a">Cuestión de percepciones en la práctica reciente: aproximación taxonómica a través de la expresión gráfica</subfield>
   </datafield>
</record></metadata></record></GetRecord></OAI-PMH>